000 00657nam a2200241Ia 4500
003 OSt
005 20220918223216.0
006 a|||||r|||| 00| 0
007 ta
008 220917b |||||||| |||| 00| 0 eng d
024 _a221,283
037 _cTextual
040 _aARTS
_cARTS
_beng
041 _2eng
_aeng
082 _aY:1v2, P2;P4
100 _aHenderson Carol E.
_9141656
245 0 _aCulture and customs of India
260 _aWestport
_bGreenwood Press
_c2004
300 _axxv, 210p.
_ccm.
490 _aCulture and customs of Asia
942 _hY:1v2, P2;P4
_cTEXL
_2CC
999 _c277803
_d277803